00980nam a2200253 a 450000100060000000300080000600500170001400800410003103500200007204000270009204100080011908200250012710000460015224501000019826000540029830000340035250400480038665000390043465000300047370000430050394200120054699900170055895201510057573097BD-RjUL20211209082341.0170528s1968 njua b 001 0 eng d a(BD-RjUL) 73315 aDLCcDLCdBD-RjULbeng aeng00a612.76223bCLA 19681 aBrown, Roscoe Conklingd1922-2016921622010aClassical Studies on Physical Activity cEdited by Roscoe C. Brown, Jr. [and] Gerald S. Kenyon. aEnglewood Cliffs, N.J. :bPrentice-Hall, cc1968. axi, 539 p. : bill. ;c24 cm. aIncludes bibliographical references Index.  0aPhysical fitnessvExercise9216221 0aPhysical fitness.92162221 aKenyon, Gerald S.ejoint comp.9216223 2ddccBK c73097d73097 00102ddc40718NFICaRUCLbRUCLcReadingd1970-10-21eSweets and Zeitlingerg86.00l0o612.76 CLA 1968r2017-05-28 00:00:00tC-1w2017-05-28yBK